| 000 | 00648nam a22001577a 4500 | ||
|---|---|---|---|
| 003 | OSt | ||
| 005 | 20161027150748.0 | ||
| 008 | 161027b xxu||||| |||| 00| 0 eng d | ||
| 040 | _cRUA | ||
| 082 | _aAGR OEU 2015 B518 Or. | ||
| 100 |
_910992 _aOEUN PHEARA;អឿន ភារ៉ា |
||
| 245 | _aStudy of rice disease on dry-season in Khos Thom district, kandal province; ការសិក្សាពីជំងឺលើដំណាំស្រូវប្រាំងក្នុងស្រុកកោះធំ ខេត្តកណ្ដាល | ||
| 260 |
_aPhnom Penh _bRUA _c2015 |
||
| 300 |
_axiii; 62p; _bill; _c29cm |
||
| 942 |
_2ddc _cAGR |
||
| 999 |
_c10575 _d10575 |
||